Slovenská obloha ožila
Rok 2004 znamená v leteckej doprave Slovenska rok rekordov. Nástup nízkonákladového dopravcu SkyEurope Airlines. Krach projektu štátnych aerolínií. Transformácia letísk. Rakúska angažovanosť v privatizácii bratislavského letiska má stúpencov i odporcov.
Uložené v:
| Hlavný autor: | |
|---|---|
| Médium: | Kapitola |
| Jazyk: | Slovak |
| Predmet: | |
| Tagy: |
Žiadne tagy, Buďte prvý, kto otaguje tento záznam!
|
MARC
| LEADER | 00000naa$a2200000$$$4500 | ||
|---|---|---|---|
| 001 | 0025736 | ||
| 005 | 20231006120351.8 | ||
| 041 | 0 | |a slo | |
| 044 | |a SK | ||
| 245 | 1 | 0 | |a Slovenská obloha ožila |c Ján Blažej |
| 520 | |a Rok 2004 znamená v leteckej doprave Slovenska rok rekordov. Nástup nízkonákladového dopravcu SkyEurope Airlines. Krach projektu štátnych aerolínií. Transformácia letísk. Rakúska angažovanosť v privatizácii bratislavského letiska má stúpencov i odporcov. | ||
| 610 | 2 | 0 | |a doprava letecká |
| 610 | 2 | 0 | |a náklady dopravné |
| 610 | 2 | 0 | |a spoločnosti letecké |
| 610 | 2 | 0 | |a privatizácia |
| 610 | 2 | 0 | |a Slovensko |
| 100 | 1 | |a Blažej, Ján | |